Hydraulické mechanismy /

Gespeichert in:
Bibliographische Detailangaben
1. Verfasser: Artobolevskij, I.I (Verfasst von)
Format: Buch
Sprache:Tschechisch
Veröffentlicht: Praha : SNTL, 1954
Schlagworte:
Tags: Tag hinzufügen
Keine Tags, Fügen Sie das erste Tag hinzu!

MARC

LEADER 00000nam a22000003a 4500
001 stu34401
005 20150617225730.1
008 920317s1954----cs------------------cze-d
040 |a STU  |b slo 
041 0 |a cze 
044 |a cs 
080 |a 621.8-82  |7 A000001814 
100 1 |a Artobolevskij, I.I  |4 aut 
245 1 |a Hydraulické mechanismy /  |c [aut.]I.I. Artobolevskij 
260 |a Praha :  |b SNTL,  |c 1954 
300 |a 424 s 
650 7 |a Mechanizmy hydraulické  |2 stusub 
996 |b 284M020135  |c M*3585-1  |l MMKN  |s A  |a 24  |w stu34401_0001